000 00965cab a2200289 4500
001 WB3513-66
008 090401t1999 xxu||||| |||| 00| 0 eng d
035 _a(Sirsi) u92615
041 _aeng
245 _aSecond Wood Committee report
260 _c1999
350 _a0
490 _aDETR News Release
_v(352) 31 March 1999 (4)
520 _aGovernment is to consult on the recommendations of the Second Wood Committee report, published on 31 March. The committee examined the rating of plant and machinery in industries currently subject to prescribed assessment. The recommendations are summarised. Responses invited by 14 May 1999.
650 _aCHP
650 _aCOMBINED HEAT AND POWER
650 _aEXEMPTIONS
650 _aMACHINERY
650 _aPLANT
650 _aPRESCRIBED ASSESSMENT
650 _aRATING
650 _aSEWERS
650 _aWOOD COMMITTEE
690 _aRATING AND VALUATION
942 _n0
948 _c08/04/1999
999 _c58690
_d58690